[Event "Budapest FS11 IM"]
[Site "Budapest"]
[Date "2011.11.07"]
[Round "3"]
[White "Meurs, Tom WA"]
[Black "Csonka, Balazs"]
[Result "1/2-1/2"]
[WhiteElo "2247"]
[BlackElo "2303"]
[PlyCount "80"]
[EventDate "2011.11.05"]
[EventType "tourn"]
[EventRounds "13"]
[EventCountry "HUN"]
[EventCategory "2"]
[SourceTitle "EXT 2012"]
[Source "ChessBase"]
[SourceDate "2011.11.24"]
[SourceVersion "1"]
[SourceVersionDate "2011.11.24"]
[SourceQuality "1"]

1. e4 e5 2. Nf3 Nc6 3. Bb5 Nf6 4. 0-0 Nxe4 5. d4 Nd6 6. Bxc6 dxc6 7. dxe5 Nf5 8. Qxd8+ Kxd8 9. Nc3 Ne7 10. h4 h6 11. Re1 Bg4 12. Nh2 Be6 13. a3 c5 14. Bd2 Kd7 15. Rad1 Kc6 16. h5 Rd8 17. Be3 Rxd1 18. Rxd1 Nf5 19. Nf1 Be7 20. f4 g5 21. hxg6 fxg6 22. Ne4 Bd5 23. Nc3 Be6 24. Bf2 Rd8 25. Rxd8 Bxd8 26. g4 Ng7 27. Ne3 h5 28. gxh5 Nxh5 29. Ne2 Ng7 30. Ng3 Bh4 31. Kg2 Bxg3 32. Bxg3 Nf5 33. Kf2 Nxe3 34. Kxe3 Bf5 35. c3 Kd5 36. Bh4 Kc4 37. Kd2 Kb3 38. Kc1 b5 39. Be7 Kc4 40. Kd2 a6 1/2-1/2